Clickable Realms of Apollo Quiz Stats

Quiz Updated Jun 3, 2015

Also try: Clicking Gods
Challenge
Share
Tweet
Embed
Score 0/10 Timer 01:30
6 Plays Today
% Correct
light
89.6%
music
87.1%
poetry
86.6%
medicine
85%
archery
84.9%
knowledge
84.1%
civilization
83.6%
prophecy
83.5%
dance
80.6%
plague
58.1%

You're not logged in!

Compare scores with friends on all Sporcle quizzes.
Join for Free
OR
Log In

You Might Also Like...

Show Comments

Extras

Top Quizzes Today


Score Distribution

Your Account Isn't Verified!

In order to create a playlist on Sporcle, you need to verify the email address you used during registration. Go to your Sporcle Settings to finish the process.

Report this User

Report this user for behavior that violates our Community Guidelines.

Details: